000 00491nam a2200193Ia 4500
003 GCL
008 140319s9999 xx 000 0 ara d
040 _aGCL /
_cGCL
082 0 4 _a813.03
_bغ ض
100 1 _aغالب هلسا
245 1 0 _aالضحك ( قصص ) /
_cغالب هلسا
300 _a300 ص
490 _a
650 0 4 _aالادب العربى
650 0 4 _aالقصص العربية
650 0 4 _aالقصص
650 0 4 _aالادب العالمى
942 _2ddc
_cBK
999 _c38163
_d38163